Elektronický podpis pre inteligentné dopravné systémy

Popis návrhu vybudovania infraštruktúry pre vydávanie osobných certifikátov využiteľných pre elektronický podpis v inteligentných dopravných systémoch.

Gespeichert in:
Bibliographische Detailangaben
1. Verfasser: Kršák, Emil
Weitere Verfasser: Matiaško, Karol
Format: Buchkapitel
Sprache:Slowakisch
Schlagworte:
Tags: Tag hinzufügen
Keine Tags, Fügen Sie das erste Tag hinzu!

MARC

LEADER 00000naa a2200000 4500
001 0157414
005 20231018105810.5
041 0 |a slo 
044 |a SK 
245 1 0 |a Elektronický podpis pre inteligentné dopravné systémy  |c Emil Kršák, Karol Matiaško 
520 |a Popis návrhu vybudovania infraštruktúry pre vydávanie osobných certifikátov využiteľných pre elektronický podpis v inteligentných dopravných systémoch. 
610 2 0 |a doprava 
610 2 0 |a systémy informačné 
610 2 0 |a podpis elektronický 
610 2 0 |a certifikáty 
100 1 |a Kršák, Emil 
700 1 |a Matiaško, Karol